书目信息 |
| 题名: |
俄普奥三次瓜分波兰
|
|
| 作者: | 刘邦义 编著 | |
| 分册: | ||
| 出版信息: | 北京 商务印书馆 1984 |
|
| 页数: | 54页 | |
| 开本: | 19cm | |
| 丛书名: | 外国历史小丛书 | |
| 单 册: | ||
| 中图分类: | K513.4 | |
| 科图分类: | ||
| 主题词: | 近代史--波兰 | |
| 电子资源: | ||
| ISBN: | ||
| 000 | 00723nam2 2200265 45 | |
| 001 | 0184001859 | |
| 005 | 20040511171933.6 | |
| 010 | @dCNY0.18 | |
| 100 | @a19951106d1984 em y0chiy0121 ea | |
| 101 | 0 | @achi |
| 102 | @aCN@b110000 | |
| 105 | @af z 000yy | |
| 106 | @ar | |
| 200 | 10 | @a俄普奥三次瓜分波兰@Ae pu ao san ci gua fen bo lan@f刘邦义编著 |
| 210 | @a北京@c商务印书馆@d1984 | |
| 215 | @a54页@c插图@d19cm | |
| 225 | 2 | @a外国历史小丛书@f陈翰笙主编 |
| 410 | 0 | @120010@a外国历史小丛书 |
| 606 | @a近代史@y波兰 | |
| 607 | @a波兰@x近代史 | |
| 690 | @aK513.4@v3 | |
| 701 | 0 | @a刘邦义@4编著@Aliu bang yi |
| 801 | 0 | @aCN@b深圳图书馆@c20040511 |
| 801 | 2 | @aCN@bNLC@c20040511 |
| 905 | @f2@b134119-120@dK513.4@e1 | |
| 俄普奥三次瓜分波兰/刘邦义编著.-北京:商务印书馆,1984 |
| 54页:插图;19cm.-(外国历史小丛书/陈翰笙主编) |
| ISBN :CNY0.18 |
| ● |
| 相关链接 |
|
|
|
|
正题名:俄普奥三次瓜分波兰
索取号:K513.4/1
 
预约/预借
| 序号 | 登录号 | 条形码 | 馆藏地/架位号 | 状态 | 备注 |
| 1 | 0134119 | 001409817 | 第二借阅区/ [索取号:K513.4/1] | 在馆 | |
| 2 | 0134120 | 001409853 | 第二借阅区/ [索取号:K513.4/1] | 在馆 | |
| 3 | 0134121 | 001409899 | 第二样本阅览室/ [索取号:K513.4/1] | 在馆 |